|
|
|
|
| LEADER |
00000nam a2200000 a 4500 |
| 001 |
vtls001385298 |
| 003 |
SK-MaSNL |
| 005 |
20260301161457.0 |
| 008 |
160624s1999 xo 0 slo |
| 015 |
|
|
|a SNBJ2000/04-01672
|
| 035 |
|
|
|a SNK000339425
|
| 040 |
|
|
|a SNK
|b slo
|c SNK
|e AACR2
|
| 041 |
0 |
|
|a slo
|
| 044 |
|
|
|a xo
|c SK
|
| 080 |
|
|
|a 785.11:786.2(086.7)
|2 1981
|
| 080 |
|
|
|a 786.2
|2 1981
|
| 245 |
1 |
|
|a Medzinárodná tribúna mladých interprétov
|h zvukový dokument
|
| 260 |
|
|
|a Bratislava
|b Radio Bratislava
|c 1999
|
| 300 |
|
|
|a 2 kompaktné platne
|b stereo
|
| 505 |
0 |
|
|a Obsahuje 18 diel
|
| 511 |
|
|
|a Otakar Trhlík, Libor Pešek,Oliver Dohnányi, Bystrík Režucha, Viktor Fedotov, Jean Paul Penin, Pierre Colombo, Ondrej Lenárd, Zdeněk Košler, Viktor Málek, Hikotaro Yazaki, dirigenti
|
| 511 |
|
|
|a Daniela Varínska, klavír
|
| 511 |
|
|
|a Účinkuje FOK, Symfonický orchester Slovenského rozhlasu v Bratislave, Slovenská filharmónia, Janáčkova filharmónia Ostrava, Štátna filharmónia Košice, Filharmónia Bohuslava Martinů
|
| 650 |
0 |
7 |
|a symfonická hudba
|2 SNK
|9 68261
|
| 650 |
0 |
7 |
|a hudba pre klavír
|x platne kompaktné
|2 SNK
|9 283900
|
| 655 |
|
7 |
|a kompaktné platne
|2 SNK
|9 70690
|
| 700 |
1 |
|
|a Trhlík, Otakar
|4 dir
|9 524546
|
| 700 |
1 |
|
|a Pešek, Libor,
|d 1933-
|4 dir
|9 22183
|
| 700 |
1 |
|
|a Dohnányi, Oliver,
|d 1955-
|4 dir
|9 108902
|
| 700 |
1 |
|
|a Režucha, Bystrík,
|d 1935-2012
|4 dir
|9 114620
|
| 700 |
1 |
|
|a Fedotov, Viktor
|4 dir
|9 524547
|
| 700 |
1 |
|
|a Penin, Jean Paul
|4 dir
|9 524548
|
| 700 |
1 |
|
|a Colombo, Pierre
|4 dir
|9 524549
|
| 700 |
1 |
|
|a Lenárd, Ondrej,
|d 1942-
|4 dir
|9 14271
|
| 700 |
1 |
|
|a Košler, Zdeněk,
|d 1928-1995
|4 dir
|9 169813
|
| 700 |
1 |
|
|a Málek, Viktor,
|d 1922-2002
|4 dir
|9 117002
|
| 700 |
1 |
|
|a Yazaki, Hikotaro
|4 dir
|9 524550
|
| 700 |
1 |
|
|a Varínska, Daniela,
|d 1946-
|4 uci
|9 101696
|
| 710 |
0 |
|
|a FOK
|4 uci
|9 524551
|
| 710 |
0 |
|
|a Slovenský rozhlas.
|b Symfonický orchester
|4 uci
|9 32475
|
| 710 |
0 |
|
|a Slovenská filharmónia
|4 uci
|9 145774
|
| 710 |
0 |
|
|a Janáčkova filharmonie (Ostrava, Česko)
|4 uci
|9 35949
|
| 710 |
0 |
|
|a Štátna filharmónia Košice
|4 uci
|9 56989
|
| 710 |
2 |
|
|a Filharmonie Bohuslava Martinů (symfonický orchester)
|4 uci
|9 165407
|
| 999 |
|
|
|c 809586
|d 811516
|
| 952 |
|
|
|t P60, <03>, [BOOK], {603}
|a SNK
|b SNK
|y PREZ
|7 0
|p 17A0232279
|o snkSCD 977/1-2
|i snkJK 121/2000
|0 0
|1 0
|4 0
|d 2000-03-20
|l 0
|r 2005-01-02 00:00:00
|w 2026-02-24
|